000 01215nab a2200253 4500
001 216219281
003 UA-OsUOA
005 20200921105950.0
007 ta
008 200921c2020 un |||p| |||| 00| c ukr d
040 _aUA-OsUOA
_bukr
_cUA-OsUOA
_dUA-OsUOA
041 _aukr
080 _a32
090 _a32
_bД54
100 _aДністрянський М.
245 _aЕволюція американського геополітичного мислення: від панамериканізму, підтримкм національно-державницьких підходів до глобалізму
_cМирослав Дністрянський
260 _aК.
_bПП "СКАЙ СОЛЮШЕНС"
_c2020
300 _aС. 21–32.
650 _2UDC
_a32 Політика
773 0 _0459479
_9460749
_aНезалежний аналітичний центр геополітичних досліджень "Борисфен Інтел"
_dК. ПП "Скай Солюшенс" 2020
_o216219280
_tБінтел
_w(UA-OsUOA)216218588
_g№ 2
942 _2udc
_cSA
955 _a1
999 _c463390
_d463390